Höchste Berge der Länder mit B - Statistiken

Allgemein
  • Dieses Quiz wurde 6 mal gespielt
  • Das Durchschnittsergebnis liegt bei 8 aus 17
Antwortstatistiken
Hint Antwort % Korrekt
Benin Mont Sokbaro (658m)
100%
Burundi Heha (2.684m)
67%
Barbados Mount Hillaby (336m)
67%
Bulgarien Musala (2.925m)
67%
Brasilien Pico da Neblina (3.014m)
67%
Bolivien Sajama (6.542m)
67%
Brunei Bukit Pagon (1.850m)
33%
Belize Doyle's Delight (1.124m)
33%
Bahrain Dschabal ad-Duchan (63m)
33%
Belarus Dsjarschynsjaka Hara (345m)
33%
Bhutan Gangkhar Puensum (7.570m)
33%
Bosnien und Herzegowina Maglic-Massiv (2.386m)
33%
Bahamas Mount Alvernia (63m)
33%
Bangladesch Mowdok Mual (1.003m)
33%
Belgien Signal de Botragne (694m)
33%
Burkina Faso Tena Kourou (749m)
33%
Botswana Tsodilo Hills (1.454m)
33%
Keine übereinstimmenden Quizze gefunden
Verteilung der Resultate
Anzahl Personen mit jedem Resultat
Perzentil nach korrekt beantworteten Fragen
Ihre Resultats-Entwicklung
Sie haben dieses Quiz noch nicht gespielt